| 000 | 00981nam a22002777a 4500 | ||
|---|---|---|---|
| 005 | 20260414101244.0 | ||
| 008 | 260414b |||||||| |||| 00| 0 eng d | ||
| 020 | _a0444812814 | ||
| 040 |
_aLC _cUNZA _eRDA |
||
| 050 |
_aRC 925 _bHAN 1992 |
||
| 245 |
_aHandbook of clinical neurology : _bmyopathies / _ceditors, Pierre J. Vinken; George W. Bruyn and Harold L. Klawans; This volume has bee co-edited by L. P. Rowland and S. Dimauro. |
||
| 260 |
_aAmsterdam : _bElsevier Science Publishers, _c1992. |
||
| 300 |
_axi, 685 pages : _billustrations. |
||
| 336 | _aText | ||
| 337 | _aUnmediated | ||
| 338 | _aVolume | ||
| 440 |
_nRevised Series 18 _vVolume 62 |
||
| 504 | _aIncludes bibliographical references and index. | ||
| 650 |
_2LC _aMusles _xDiseases. |
||
| 700 |
_aVinken, Pierre J. _eeditor |
||
| 700 |
_aBruyn, George W. _eeditor |
||
| 700 |
_aKlawans, Harold L. _eeditor |
||
| 700 |
_aRowland, L. P. _eco-editor |
||
| 700 |
_aDimauro, S. _eco-editor |
||
| 942 | _cBOOK | ||
| 999 |
_c216590 _d216590 |
||